Statystyki dla top 10 największych państw

Kliknij tutaj aby rozwiązać quiz!

Ogólne statystyki

  • Ten quiz został rozwiązany 54 razy
  • Średni wynik to 9 z 10

Statystyki odpowiedzi

HintOdpowiedź% Poprawnych
miejsce 1Rosja
100%
miejsce 3Chiny
98%
miejsce 4Stany zjednoczone
98%
miejsce 5Brazylia
94%
miejsce 2Kanada
94%
miejsce 6Australia
88%
miejsce 7Indie
85%
miejsce 8Argentyna
83%
miejsce 9Kazachstan
67%
miejsce 10Algieria
54%

Rozkład punktacji

Percentyl według liczby udzielonych odpowiedzi

Procent ludzi z każdym wynikiem

Twoja historia wyników

Nie rozwiązałeś tego quizu